LEADER 00797nam a2200205 i 4500 001 000000188130 003 CaOOAMICUS 005 20100401000000.0 008 100401s1976 it u000 u ita u 013 $a166285 040 $aSeMil$bita 100 1 $aKabanga, Eugène.$0(OLS)http://semarc/name/68956 245 10$aAnch'io sono un uomo /$cEugène Kabanga Vescovo di Lubumbashi. 260 $aLeumann :$bElle Di Ci,$c1976. 300 $a47 p. ;$c19 cm. 650 4$aDiritti dell'uomo - Concezione cristiana.$0(OLS)http://semarc/subject/7124 850 $aSeMil 852 $aSeMil$W1$xVenegono$y1$m1352 48 109 *$j138803$B138803$CSeMilBibl$Z2$F150336 $81 996 $6245$aAnch'io sono un uomo$9(OLS)http://semarc/title/270675 996 $6260$aLeumann :$bElle Di Ci$9(OLS)http://semarc/publisher/29808 LEADER 01119nam a2200277 i 4500 001 000000060497 003 CaOOAMICUS 005 20050727000000.0 008 050727s1997 it u000 u ita u 013 $a31669 020 $a88-428-0533-5 040 $aSeMil$bita 100 1 $aPellicani, Luciano,$d<1939-2020>.$0(OLS)http://semarc/name/4143 245 10$aModernizzazione e secolarizzazione /$cLuciano Pellicani. 260 $aMilano :$bIl Saggiatore,$c1997. 300 $a174 p. ;$c21 cm. 490 0 $aSuor Orsola University Press 650 4$aSecolarizzazione.$0(OLS)http://semarc/subject/8660 650 4$aModernità.$0(OLS)http://semarc/subject/9093 830 0$aSuor Orsola University Press.$0(OLS)http://semarc/title/18581 850 $aSeMil 852 $aSeMil$W1$xVenegono$y1$m2R II 354$j26650$B26650$CSeMilBibl$Z2$F26653 $81 961 $aAcquisto: Glossa (Libreria) 996 $6020$a88-428-0533-5$9(OLS)http://semarc/number/36579 996 $6245$aModernizzazione e secolarizzazione$9(OLS)http://semarc/title/94829 996 $6260$aMilano :$bIl Saggiatore$9(OLS)http://semarc/publisher/30255